| 000 | 00907nam a2200265 i 4500 | ||
|---|---|---|---|
| 001 | 82020 | ||
| 003 | ES-MaACL | ||
| 005 | 20250831121733.0 | ||
| 007 | t| | ||
| 008 | 041118s1996 sp ||||1| spa d | ||
| 020 | _a84-376-1472-4 | ||
| 080 | _a860-24"16" | ||
| 100 | 1 |
_9239594 _aCalderón de la Barca, Pedro, _d1600-1681 _eaut |
|
| 245 | 1 | 3 |
_aEl príncipe constante y esclavo por su patria / _cPedro Calderón de la Barca ; edición de Fernando Cantalapiedra y Alfredo Rodríguez López-Vázquez. |
| 260 |
_aMadrid : _bCátedra, _c1996. |
||
| 300 |
_a247 p. ; _c19 cm. |
||
| 490 | 1 |
_aLetras hispánicas ; _v415 |
|
| 650 | 1 | 4 |
_a _9239551 |
| 700 | 1 |
_aCantalapiedra, Fernando. _934618 |
|
| 700 | 1 |
_aRodríguez López-Vázquez, Alfredo, _d1932- _998618 |
|
| 830 | 0 | 0 |
_aLetras hispánicas ; _v415 _9235703 |
| 852 |
_aES-MaACL _jE-10452 _bR.134574 |
||
| 942 | _2udc | ||
| 999 |
_c82020 _d82020 |
||